000 00576nam a2200217Ia 4500
003 OSt
005 20220928140352.0
006 a|||||r|||| 00| 0
007 ta
008 220927b |||||||| |||| 00| 0 eng d
024 _a7996
037 _cTextual
040 _aSDCL
_cSDCL
_beng
041 _2eng
_aeng
082 _aD6,8(B),277, N5
100 _aVeelenturf L P J
_9494900
245 0 _aAnalysis and applications of artificial neural networks
260 _c1995
942 _hD6,8(B),277, N5
_cTEXL
_2CC
999 _c810999
_d810999